Yearly law reporter. (Record no. 566071)

000 -LEADER
fixed length control field 01867cas a2200529 a 4500
001 - CONTROL NUMBER
control field 13791171
003 - CONTROL NUMBER IDENTIFIER
control field NUST
005 - DATE AND TIME OF LATEST TRANSACTION
control field 20210520112925.0
008 - FIXED-LENGTH DATA ELEMENTS--GENERAL INFORMATION
fixed length control field 041119c19999999pk ar w 0 0eng
010 ## - LIBRARY OF CONGRESS CONTROL NUMBER
LC control number 2004439087
035 ## - SYSTEM CONTROL NUMBER
System control number (OCoLC)ocm56998712
038 ## - RECORD CONTENT LICENSOR
Staff Name Atta
040 ## - CATALOGING SOURCE
Original cataloging agency DLC
Language of cataloging eng
Transcribing agency DLC
Modifying agency HVL
-- OCLCQ
-- OCLCF
-- OCLCO
-- OCLCA
041 0# - LANGUAGE CODE
Language code of text/sound track or separate title eng
-- urd
042 ## - AUTHENTICATION CODE
Authentication code pcc
043 ## - GEOGRAPHIC AREA CODE
Geographic area code a-pk---
050 00 - LIBRARY OF CONGRESS CALL NUMBER
Classification number KPL19.A2
Item number Y43
082 ## - DEWEY DECIMAL CLASSIFICATION NUMBER
Classification number Vol-
245 00 - TITLE STATEMENT
Title Yearly law reporter.
246 30 - VARYING FORM OF TITLE
Title proper/short title Law reporter
246 13 - VARYING FORM OF TITLE
Title proper/short title YLR
260 ## - PUBLICATION, DISTRIBUTION, ETC.
Place of publication, distribution, etc. Lahore :
Name of publisher, distributor, etc. Yearly Law Reporter,
Date of publication, distribution, etc. 1999-
300 ## - PHYSICAL DESCRIPTION
Extent v. ;
Dimensions 24 cm.
310 ## - CURRENT PUBLICATION FREQUENCY
Current publication frequency Annual
362 0# - DATES OF PUBLICATION AND/OR SEQUENTIAL DESIGNATION
Dates of publication and/or sequential designation 1999, v. 1-
500 ## - GENERAL NOTE
General note "A yearly publication consisting of approved judgments of High Courts of Pakistan and Azad Jammu and Kashmir on civil, criminal & revenue laws."
515 ## - NUMBERING PECULIARITIES NOTE
Numbering peculiarities note Issued in 3 parts, 1999-2002; in 4 parts, 2003- (called v. on spine).
546 ## - LANGUAGE NOTE
Language note Chiefly English, some Urdu.
563 ## - BINDING INFORMATION
Binding note PBK
588 ## - SOURCE OF DESCRIPTION NOTE
Source of description note Latest issue consulted: 2005, pt. 4.
650 #0 - SUBJECT ADDED ENTRY--TOPICAL TERM
Topical term or geographic name entry element Law reports, digests, etc.
Geographic subdivision Pakistan.
9 (RLIN) 55218
650 #0 - SUBJECT ADDED ENTRY--TOPICAL TERM
Topical term or geographic name entry element Civil law
Geographic subdivision Pakistan
Form subdivision Cases.
9 (RLIN) 55219
650 #0 - SUBJECT ADDED ENTRY--TOPICAL TERM
Topical term or geographic name entry element Criminal law
Geographic subdivision Pakistan
Form subdivision Cases.
9 (RLIN) 55220
650 #0 - SUBJECT ADDED ENTRY--TOPICAL TERM
Topical term or geographic name entry element Internal revenue law
Geographic subdivision Pakistan
Form subdivision Cases.
9 (RLIN) 55221
650 #7 - SUBJECT ADDED ENTRY--TOPICAL TERM
Topical term or geographic name entry element Civil law.
Source of heading or term fast
Authority record control number or standard number (OCoLC)fst00862544
9 (RLIN) 55222
650 #7 - SUBJECT ADDED ENTRY--TOPICAL TERM
Topical term or geographic name entry element Criminal law.
Source of heading or term fast
Authority record control number or standard number (OCoLC)fst00883328
9 (RLIN) 55223
650 #7 - SUBJECT ADDED ENTRY--TOPICAL TERM
Topical term or geographic name entry element Internal revenue law.
Source of heading or term fast
Authority record control number or standard number (OCoLC)fst00976622
9 (RLIN) 55224
650 #7 - SUBJECT ADDED ENTRY--TOPICAL TERM
Topical term or geographic name entry element Law reports, digests, etc.
Source of heading or term fast
Authority record control number or standard number (OCoLC)fst00994106
9 (RLIN) 55225
651 #7 - SUBJECT ADDED ENTRY--GEOGRAPHIC NAME
Geographic name Pakistan.
Source of heading or term fast
Authority record control number or standard number (OCoLC)fst01210275
655 #7 - INDEX TERM--GENRE/FORM
Genre/form data or focus term Trials, litigation, etc.
Source of term fast
Authority record control number (OCoLC)fst01423712
9 (RLIN) 55226
906 ## - LOCAL DATA ELEMENT F, LDF (RLIN)
a 7
b cbc
c serials
d 2
e ncip
f 20
g n-oclcserc
942 ## - ADDED ENTRY ELEMENTS (KOHA)
Source of classification or shelving scheme
Koha item type Continuing Resources
Holdings
Withdrawn status Lost status Source of classification or shelving scheme Damaged status Not for loan Permanent Location Current Location Shelving location Date acquired Total Checkouts Full call number Barcode Date last seen Price effective from Koha item type Date last checked out
          Central Library (CL) Central Library (CL) Reference 05/05/2021   Vol-XXIII, Part-4 Apr 2021 S-99494 05/05/2021 05/05/2021 Continuing Resources  
          Central Library (CL) Central Library (CL) Reference 05/20/2021   Vol-XXIII, Part-1 Jan 2021 S-99525 05/20/2021 05/20/2021 Continuing Resources  
          Central Library (CL) Central Library (CL) Reference 05/20/2021   Vol-XXIII, Part-3 Mar 2021 S-99541 05/20/2021 05/20/2021 Continuing Resources  
          Central Library (CL) Central Library (CL) Reference 05/20/2021   Vol-XXIII, Part-2 Feb 2021 S-99526 05/20/2021 05/20/2021 Continuing Resources  
          Central Library (CL) Central Library (CL) Reference 06/14/2021   Vol-XXIII, Part-5 May 2021 S-3278 06/14/2021 06/14/2021 Continuing Resources  
          Central Library (CL) Central Library (CL) Reference 07/05/2021   Vol-XXIII, Part-6 Jun 2021 S-3339 07/05/2021 07/05/2021 Continuing Resources  
          Central Library (CL) Central Library (CL) Reference 09/06/2021   Vol-XXIII, Part-8 Aug 2021 S-3478 09/06/2021 09/06/2021 Continuing Resources  
          Central Library (CL) Central Library (CL) Reference 09/06/2021   Vol-XXIII, Part-7 Jul 2021 S-3404 09/06/2021 09/06/2021 Continuing Resources  
          Central Library (CL) Central Library (CL) Reference 10/06/2021   Vol-XXIII, Part-9 Sep 2021 S-3553 10/06/2021 10/06/2021 Continuing Resources  
          Central Library (CL) Central Library (CL) Reference 11/10/2021 1 Vol-XXIII, Part-10 Oct 2021 S-3650 02/24/2022 11/10/2021 Continuing Resources 02/15/2022
          Central Library (CL) Central Library (CL) Reference 12/15/2021   Vol-XXIII, Part-11 Nov 2021 S-3742 12/15/2021 12/15/2021 Continuing Resources  
          Central Library (CL) Central Library (CL) Reference 01/12/2022   Vol-XXIII, Part-12 Dec 2021 S-3777 01/12/2022 01/12/2022 Continuing Resources  
© 2023 Central Library, National University of Sciences and Technology. All Rights Reserved.